000 00743nam a2200241 a 4500
001 BRL_937
005 20190320210948.0
008 251013s1982----mx-a######---#000-0#spa-#
041 _aspa
044 _amx
050 4 _aDT38.9A5
_b.A37 1982
245 1 0 _aÁfrica en América
260 _aMéxico
_bCentro de estudios economicos y sociales de tercer mundo : UNAM, Instituto de Investigaciones Estéticas
_c1982
300 _a212 p.
_bil.
_c20 cm.
500 _aAu1013
504 _aBibliografía: p. 203-206
650 1 4 _aArte Afro-Americano
_925374
650 1 4 _aNegros
_xCultura
_zÁfrica
_925375
651 4 _aÁfrica
_xRelaciones
_zAmérica
_925376
651 4 _aAmérica
_xRelaciones
_zÁfrica
_925377
902 _aGRL
942 _2lcc
_cB
999 _c9749
_d9749